000
00333nam a22001457a 4500
008
180917b xxu||||| |||| 00| 0 eng d
020
_a
0915473119
041
_a
eng
080
_a
618
082
_a
618
100
_a
10
101
_a
GJIN
245
_a
Standards for Obstetric-Gynecologic Services
_c
Andrews,W.C
942
_2
udc
_c
BK
999
_c
47849
_d
47849